Emojis nach Buchstabe - D - Statistiken

Allgemein
  • Dieses Quiz wurde 143 mal gespielt
  • Das Durchschnittsergebnis liegt bei 20 aus 28
Antwortstatistiken
Emoji beginnend mit D Lösung % Korrekt
🇩🇪 Deutschland
100%
🐬 Delfin
99%
👍 Daumen
96%
🇩🇰 Dänemark
95%
💎 Diamant
95%
🍩 Donut
94%
🐲 Drache
93%
🦖 Dino
91%
🚺 Damen
90%
🦡 Dachs
89%
🧬 DNA
84%
💵 Dollar
82%
🥫 Dose
81%
🕵🏻‍♀️ Detektivin
79%
🐪 Dromedar
79%
🪁 Drachen
78%
🧨 Dynamit
73%
🖨 Drucker
72%
🪩 Discokugel
69%
🥙 Döner
68%
🚂 Dampflokomotive
63%
➗️ Division
59%
🇩🇴 Dominikanische Republik
57%
📀 DVD
56%
📃 Dokument
45%
🇨🇩 Demokratische Republik Kongo
35%
🍡 Dango
7%
⚗️ Destillierapparat
4%
Keine übereinstimmenden Quizze gefunden
Verteilung der Resultate
Anzahl Personen mit jedem Resultat
Perzentil nach korrekt beantworteten Fragen
Ihre Resultats-Entwicklung
Sie haben dieses Quiz noch nicht gespielt